<?xml version="1.0" encoding="UTF-8"?>
<record
    xmlns:xsi="http://www.w3.org/2001/XMLSchema-instance"
    xsi:schemaLocation="http://www.loc.gov/MARC21/slim http://www.loc.gov/standards/marcxml/schema/MARC21slim.xsd"
    xmlns="http://www.loc.gov/MARC21/slim">

  <leader>01480nam a2200157   4500</leader>
  <controlfield tag="001">14069</controlfield>
  <controlfield tag="005">20260401193232.0</controlfield>
  <datafield tag="010" ind1=" " ind2=" ">
    <subfield code="a">9782807104464</subfield>
  </datafield>
  <datafield tag="090" ind1=" " ind2=" ">
    <subfield code="a">14069</subfield>
  </datafield>
  <datafield tag="099" ind1=" " ind2=" ">
    <subfield code="o">0</subfield>
  </datafield>
  <datafield tag="100" ind1=" " ind2=" ">
    <subfield code="a">20260401d        u||y0frey50      ba</subfield>
  </datafield>
  <datafield tag="200" ind1=" " ind2=" ">
    <subfield code="a">Vent de bout</subfield>
    <subfield code="b">LIVR</subfield>
  </datafield>
  <datafield tag="323" ind1=" " ind2=" ">
    <subfield code="a">6 personnages</subfield>
  </datafield>
  <datafield tag="330" ind1=" " ind2=" ">
    <subfield code="a">Sur ce bout de terre entour&#xE9; par la mer, un adolescent est tomb&#xE9; de la pointe d'une falaise et a disparu dans les flots sous les yeux de ses amis Edj, Uta, Elie et La Petite. 
Son p&#xE8;re, an&#xE9;anti, refuse d'assurer son pr&#xE9;cieux travail de passeur, son bateau &#xE9;tant le seul lien quotidien entre l'&#xEE;le et le continent. Tout le monde est donc bloqu&#xE9; ici en une sorte de huis-clos qui attise les tensions, les non-dits, les secrets, les remords aussi. 
Malgr&#xE9; le contexte et les liens contrari&#xE9;s, les adolescents se sont fait la promesse de rester solidaires. Et surtout de ne pas parler du jeu de r&#xF4;les qu'ils ont construit tout au long de l'enfance et qui est peut-&#xEA;tre &#xE0; l'origine du drame. Tous tentent aussi de cacher La Petite dans la cabane secr&#xE8;te qui les a vus grandir pour qu'elle ne parte pas l&#xE0;-bas, dans une institution. 
Plus le temps passe, plus la tension monte, plus la parole se lib&#xE8;re, plus les vieilles histoires remontent et les lignes bougent. La disparition du jeune homme redessine le groupe et ouvre de nouvelles voies o&#xF9; le d&#xE9;sir et l'amour deviennent essentiels.</subfield>
  </datafield>
  <datafield tag="610" ind1=" " ind2=" ">
    <subfield code="a">adolescence</subfield>
    <subfield code="a">enqu&#xEA;te</subfield>
    <subfield code="a">Thriller</subfield>
    <subfield code="a">secret</subfield>
  </datafield>
  <datafield tag="700" ind1=" " ind2=" ">
    <subfield code="a">Piffault Guitton</subfield>
    <subfield code="b">Tiphaine</subfield>
  </datafield>
  <datafield tag="995" ind1=" " ind2=" ">
    <subfield code="2">0</subfield>
    <subfield code="5">2026-04-01</subfield>
    <subfield code="9">13960</subfield>
    <subfield code="c">JOL</subfield>
    <subfield code="f">JOL-007769</subfield>
    <subfield code="k">TH PIF 6</subfield>
    <subfield code="o">0</subfield>
    <subfield code="b">JOL</subfield>
    <subfield code="r">LIVR</subfield>
  </datafield>
</record>
